Normal view
MARC view
Entry Personal Name
001 - CONTROL NUMBER
- control field: 57779
003 - CONTROL NUMBER IDENTIFIER
- control field: dpl
005 - DATE AND TIME OF LATEST TRANSACTION
- control field: 20231010113515.0
008 - FIXED-LENGTH DATA ELEMENTS
- fixed length control field: 231010|| aca||aabn | a|a d
040 ## - CATALOGING SOURCE
- Original cataloging agency: dpl
- Transcribing agency: dpl
100 ## - HEADING--PERSONAL NAME
- Personal name: C.Jampala,DR.Rajesh
670 ## - SOURCE DATA FOUND
- Source citation: Work cat.: (dpl)198747: C.Jampala,DR.Rajesh, Marketing management (Text& cASES), 2009
